Aké :the years of childhood / (Record no. 4426)

000 -LEADER
fixed length control field 00951cam a2200313 a 4500
001 - CONTROL NUMBER
control field 3742062
003 - CONTROL NUMBER IDENTIFIER
control field OSt
005 - DATE AND TIME OF LATEST TRANSACTION
control field 20251106125136.0
008 - FIXED-LENGTH DATA ELEMENTS--GENERAL INFORMATION
fixed length control field 820217s1981 enkcf 000 0aeng
010 ## - LIBRARY OF CONGRESS CONTROL NUMBER
LC control number 81181350
015 ## - NATIONAL BIBLIOGRAPHY NUMBER
National bibliography number GB81-26457
020 ## - INTERNATIONAL STANDARD BOOK NUMBER
International Standard Book Number 0860361551 :
Terms of availability £7.50
020 ## - INTERNATIONAL STANDARD BOOK NUMBER
International Standard Book Number 9780860361558
035 ## - SYSTEM CONTROL NUMBER
System control number 3742062
040 ## - CATALOGING SOURCE
Original cataloging agency DLC
Transcribing agency DLC
Modifying agency DLC
043 ## - GEOGRAPHIC AREA CODE
Geographic area code f-nr---
050 00 - LIBRARY OF CONGRESS CALL NUMBER
Classification number PR9387.9.S69.1981
082 00 - DEWEY DECIMAL CLASSIFICATION NUMBER
Classification number 822
-- B
Edition number 19
100 1# - MAIN ENTRY--PERSONAL NAME
Personal name Soyinka, Wole.
245 10 - TITLE STATEMENT
Title Aké :the years of childhood /
Statement of responsibility, etc Wole Soyinka.
260 ## - PUBLICATION, DISTRIBUTION, ETC. (IMPRINT)
Place of publication, distribution, etc London :
Name of publisher, distributor, etc Collings,
Date of publication, distribution, etc 1981.
300 ## - PHYSICAL DESCRIPTION
Extent 230 p., [1] leaf of plates :
Other physical details ports. ;
Dimensions 24 cm.
600 10 - SUBJECT ADDED ENTRY--PERSONAL NAME
Personal name Soyinka, Wole
General subdivision Childhood and youth.
650 #0 - SUBJECT ADDED ENTRY--TOPICAL TERM
Topical term or geographic name as entry element Authors, Nigerian
Chronological subdivision 20th century
General subdivision Biography.
651 #0 - SUBJECT ADDED ENTRY--GEOGRAPHIC NAME
Geographic name Nigeria
General subdivision Social life and customs.
906 ## - LOCAL DATA ELEMENT F, LDF (RLIN)
a 7
b cbc
c orignew
d 2
e ncip
f 19
g y-gencatlg
942 ## - ADDED ENTRY ELEMENTS (KOHA)
Source of classification or shelving scheme
Koha item type Fiction and Non- Fiction novels
Holdings
Withdrawn status Lost status Source of classification or shelving scheme Damaged status Not for loan Home library Current library Shelving location Date acquired Total Checkouts Full call number Barcode Checked out Date last seen Date checked out Price effective from Koha item type
          Riara University Library Riara University Library Leisure Reading 06/11/2025 2 PR9387.9.S69.1981 10822/25 31/03/2026 31/03/2026 31/03/2026 06/11/2025 Fiction and Non- Fiction novels

Riara University Library,
P.O. Box 49940-00100,
Nairobi, Kenya.